| 000 | 00929nam2a22002411 4500 | ||
|---|---|---|---|
| 001 | rc\192515 | ||
| 005 | 20250621062236.0 | ||
| 010 |
_a5-7471-0002-5 _91000 |
||
| 035 | _a(NLR Aleph) 005620297 | ||
| 090 |
_a6489939 _c6489939 |
||
| 100 | _a20030307d1997 |||y0rusy50 ca | ||
| 101 | 0 | _arus | |
| 102 | _aRU | ||
| 105 | _aa ||||||||| | ||
| 200 | 0 | _aТ. 2: № 3006-4500 | |
| 210 |
_d1997 _aБ. м. |
||
| 215 |
_a496 с. _cил. |
||
| 461 | 0 |
_1001rc\192514 _12001#$aМузейное собрание$eОписание$fРос. гос. б-ка. Отд. рукописей$g[Ред. совет: Я.Н. Шапов и др.]$vТ. 2: № 3006-4500 _96489932 _cМ. _d1997 _fРос. гос. б-ка. Отд. рукописей _nСкрипторий _oОписание _tМузейное собрание _vТ. 2: № 3006-4500 |
|
| 801 | 0 |
_aRU _bNLR _gpsbo |
|
| 801 | 1 |
_aRU _bELAR _2rusmarc |
|
| 852 |
_aNLR _bС _jК-4/899 |
||
| 942 | _cBOOK | ||
| 980 | _aNB | ||